000 00952nam a2200253 a 4500
001 000018502
005 20250630104809.0
008 100511s2009 dr a 001 f spa d
020 _a9945570005
040 _aDO-SdBNP
_bspa
_cBNPHU
082 _aRD863.5
_bV865m
100 1 _aVladimir, Stalin
_940023
245 1 0 _aMaría Barranca :
_bla asombrosa historia de la cortesana de los codos sucios /
_cStalin Vladimir ; edición Ana Daysi Domínguez.
260 _aSanto Domingo :
_bALAS,
_c2009.
300 _a143 p. :
_bil. ;
_c22 cm.
500 _aIncluye datos biográficos del autor en la solapa de la cubierta.
650 0 _aNovela dominicana
_9223
650 0 _aNovela histórica dominicana.
_9860
650 0 _aLiteratura dominicana.
_967
651 0 _aREPÚBLICA DOMINICANA
_xHISTORIA
_yERA DE TRUJILLO, 1930-1961
_xNOVELA
_921999
700 1 _aDomínguez, Ana Daysi,
_eed.
_940024
910 _aValidado. Control de calidad EMS
049 _aBNPD
999 _c18022
_d18022